000 01500nam a2200217Ia 4500
003 Ost
005 20260507075650.0
008 260507s9999||||xx |||||||||||||| ||und||
040 _cfsecg
041 _aara
082 _a658.8
100 _aالفضل، مؤيد عبد الحسين
_eمؤلف
245 0 _aالأساليب الكمية في التسويق /
_c مؤيد عبد الحسين الفضل
260 _aعمان:
_bدار وائل للنشر,
_c2004
300 _a477 صفحة؛
_bإيضاحات ؛
_c24 سم
520 _aمفاهيم عامة في التسويق والأساليب الكمية والتطرق الى الاساليب الكمية في التسعير مع تناول التنبؤ بالمبيعات و تحديد الحصة السوقية للمنشأة ،و الأساليب الكمية في التوزيع و تحليل القرارات التسويقية و دراستها وفق نظرية لقرار مع تناول الأساليب الكمية في الترويج و الهيمنة على السوق و كذا تسويق السلع و الخدمات باعتماد اسلوب خطوط الانتظار و التطرق الى المنهج الكمي في دراسة سلوك المستهلك و أخيرا إستخدام البرمجة الخطية في معالجة المشاكل.
653 _aالأساليب الكمية
653 _aالتسويق
700 _aعلي عبد الرضا الجياشي
_eمؤلف ثانوي
942 _cكتاب
999 _c45589
_d45589